Statistics for States with the Most Net Academic Out-Migration

Click here to take the quiz!

General Stats

  • This quiz has been taken 24 times
  • The average score is 6 of 8

Answers on the Map

Answers color-coded by a green-red scale on the quiz's map according to % correct below.
 

Answer Stats

StudentsAnswer% Correct
6964California
100%
20198Illinois
95%
15353Texas
95%
3684Georgia
76%
28473New Jersey
71%
3838Connecticut
62%
5150Minnesota
62%
6331Maryland
52%

Score Distribution

Percentile by Number Answered

Percent of People with Each Score

Your Score History

You have not taken this quiz